000 01007cam a2200253 i 4500
999 _c234636
_d234636
001 4611840
003 Nust
005 20170328132018.0
008 770830s1977 nyua b 101 0 eng
010 _a 77013032
020 _a0306326957
040 _cASAB
050 0 0 _aQP609.P7
_bA24
082 0 0 _a574.1
240 _aAcid Proteases structure function and biology
245 0 0 _aAcid proteases :
_bstructure, function, and biology /
_cedited by Jordan Tang.
260 _aNew York :
_bPlenum Press,
_cc1977.
300 _aix, 355 p. :
_bill. ;
_c26 cm.
440 0 _aAdvances in experimental medicine and biology ;
_vv. 95
500 _a"Proceedings of a conference on acid proteases: structure, function, and biology, held at the University of Oklahoma, Oklahoma City, November 21-24, 1976."
504 _aIncludes bibliographical references and index.
650 0 _aProteolytic enzymes
_xCongresses.
700 1 _aTang, Jordan.
906 _a7
_bcbc
_corignew
_d1
_eocip
_f19
_gy-gencatlg
942 _2ddc
_cBK